[Event "Brasilia Almeida Vas Memorial 16th"]
[Site "Brasilia"]
[Date "2012.03.02"]
[Round "5"]
[White "Vasques, Leandro Haroldo"]
[Black "Barbalho, Gilsivan Silva"]
[Result "1-0"]
[WhiteElo "1798"]
[BlackElo "1616"]
[PlyCount "131"]
[EventDate "2012.02.27"]
[EventType "swiss"]
[EventRounds "7"]
[EventCountry "BRA"]
[SourceTitle "CBM 147 Extra"]
[Source "ChessBase"]
[SourceDate "2012.04.24"]
[SourceVersion "1"]
[SourceVersionDate "2012.04.24"]
[SourceQuality "1"]

1. e4 c5 2. Nf3 d6 3. d4 cxd4 4. Nxd4 Nf6 5. Nc3 a6 6. f3 e5 7. Nb3 Be6 8. Be3 Be7 9. Qd2 0-0 10. 0-0-0 b5 11. Qf2 Nbd7 12. g4 Rc8 13. Kb1 Nb8 14. Bb6 Qd7 15. Nc5 Qc6 16. Nd3 Nbd7 17. Ba5 Nc5 18. Nb4 Qb7 19. Nbd5 Bxd5 20. Nxd5 Nxd5 21. Rxd5 Rc6 22. Bb4 Qb6 23. Bxc5 Rxc5 24. b4 Rc6 25. Qxb6 Rxb6 26. Bd3 Rc8 27. Kb2 Bg5 28. Kb3 Be3 29. Rd1 Bd4 30. c4 Rbc6 31. cxb5 Rc3+ 32. Ka4 axb5+ 33. Rxb5 R3c7 34. Ra5 Kf8 35. Rb1 Ke7 36. b5 Bb6 37. Ra6 Rb8 38. Rxb6 Rxb6 39. Ka5 Rcb7 40. a4 Rb8 41. Kb4 Kd7 42. Bc4 f6 43. Bd5 Ra6 44. a5 Ra7 45. Ka4 Rb6 46. Rc1 Rb8 47. Kb4 Rc7 48. Rxc7+ Kxc7 49. b6+ Kc8 50. Kb5 g6 51. a6 h5 52. gxh5 gxh5 53. a7 h4 54. axb8Q+ Kxb8 55. Kc6 Kc8 56. Kxd6 h3 57. Ke6 f5 58. Kxf5 Kb8 59. Kxe5 Kc8 60. f4 Kb8 61. f5 Kc8 62. f6 Kb8 63. f7 Kc8 64. f8Q+ Kd7 65. Qf7+ Kd8 66. Kd6 1-0

[Event "Brasilia Almeida Vas Memorial 16th"]
[Site "Brasilia"]
[Date "2012.02.29"]
[Round "3"]
[White "Vasques, Leandro Haroldo"]
[Black "Rua, Atila"]
[Result "1/2-1/2"]
[WhiteElo "1798"]
[BlackElo "1775"]
[PlyCount "69"]
[EventDate "2012.02.27"]
[EventType "swiss"]
[EventRounds "7"]
[EventCountry "BRA"]
[SourceTitle "CBM 147 Extra"]
[Source "ChessBase"]
[SourceDate "2012.04.24"]
[SourceVersion "1"]
[SourceVersionDate "2012.04.24"]
[SourceQuality "1"]

1. e4 c6 2. d4 d5 3. Nc3 dxe4 4. Nxe4 Bf5 5. Ng3 Bg6 6. h4 h6 7. Nf3 Nf6 8. h5 Bh7 9. Bd3 Bxd3 10. Qxd3 e6 11. Bd2 Qc7 12. 0-0-0 Nbd7 13. Rde1 0-0-0 14. Ne4 c5 15. Qb5 Nxe4 16. Rxe4 Nf6 17. Reh4 Rd5 18. Bf4 Bd6 19. Bxd6 Qxd6 20. dxc5 Rxc5 21. Rc4 Rxc4 22. Qxc4+ Qc7 23. Qxc7+ Kxc7 24. Ne5 Ne4 25. Rd1 Rd8 26. Rxd8 Kxd8 27. Nxf7+ Ke7 28. f3 Ng3 29. Ne5 Nxh5 30. g4 Nf4 31. Kd2 Kd6 32. Nf7+ Kd5 33. Ke3 Ng2+ 34. Kf2 Nf4 35. Ke3 1/2-1/2